000 00571nam a2200217Ia 4500
003 OSt
005 20220928141326.0
006 a|||||r|||| 00| 0
007 ta
008 220927b |||||||| |||| 00| 0 eng d
024 _a14447
037 _cTextual
040 _aSDCL
_cSDCL
_beng
041 _2eng
_aeng
082 _aO-944,3:g(V2y7M89), M3
100 _aJha Rama
_9499688
245 0 _aGandhian thoughht and Indo-Anglian novelists.
260 _c1983
942 _hO-944,3:g(V2y7M89), M3
_cTEXL
_2CC
999 _c816856
_d816856